Paroles Ending Inazuma Eleven - Statistiques

Statistiques générales
  • Ce quiz a été pris 107 fois
  • Le résultat moyen est 84 sur 126
Statistiques - réponses
Paroles % Correct
Ce
94%
les
94%
on
94%
On
94%
A
91%
a
91%
du
90%
football
90%
sont
89%
adore !
86%
rois
86%
coeurs
83%
coeurs !
83%
de
83%
nos
83%
Quand
81%
Ces
80%
Ils
80%
ils
80%
s'affolent !
80%
voit
79%
génie !
76%
ont
74%
un
74%
C'est
71%
c'est
71%
folie
70%
qui
70%
La
69%
la
69%
sur
69%
souffle
67%
nous
66%
vraiment
66%
vies !
64%
délire !
63%
but
60%
font
60%
peur
60%
Inazuma
59%
frémir,
57%
s'évanouir
57%
équipe
56%
Cette
51%
cette
51%
chaques
51%
jouer
50%
joueurs
50%
coup
49%
dans
49%
meilleurs !
49%
bien
47%
bonheur
47%
et
47%
pour
47%
voir
47%
foudre,
46%
éclair
44%
encourager !
44%
est
44%
héros
43%
l'adore !
43%
Oui
43%
toujours
43%
une
43%
ça
41%
aux
40%
met
40%
poudres
40%
aime
39%
histoire
39%
bravoure !
37%
d'amour !!
37%
feux
37%
talent
37%
crier
34%
foule
34%
Entre
33%
idoles,
33%
restera
33%
eux
31%
tellement
30%
brin
21%
Aucun quiz correspondant
Distribution des résultats
% des personnes avec chaque résultat
Percentile par nombre de réponses
Votre historique - résultats
Vous n’avez pas pris ce quiz